Problems and other stories
Gardado en:
| Autor Principal: | |
|---|---|
| Formato: | Libro |
| Idioma: | inglés |
| Publicado: |
Ballantine Books
1979
|
| Tags: |
Engadir etiqueta
Sen Etiquetas, Sexa o primeiro en etiquetar este rexistro!
|
MARC
| LEADER | 00000nam a22000007a 4500 | ||
|---|---|---|---|
| 008 | 201218b ||||| |||| 00| 0 eng d | ||
| 020 | |a 0-449-24360-5 | ||
| 100 | |a UPDIKE, John. | ||
| 245 | |a Problems and other stories |c John Updike |g 1979 | ||
| 260 | |b Ballantine Books |c 1979 |h New York |i 681729 |l PZ7 .Up2 |m Short stories. |m Conduct of life | ||
| 942 | |a lcc |c BK |e Kuteyi, M. A. |f 18/12/2020 | ||
| 952 | |0 0 |1 0 |2 lcc |4 0 |6 PZ0007 U P2 |7 0 |9 776 |a HOL |b HOL |c LP |d 2020-12-18 |l 0 |o PZ7 .Up2 |p 2020-229991 |r 2020-12-18 00:00:00 |w 2020-12-18 |y BK | ||
| 999 | |c 438 |d 438 | ||